000 00866nam a2200241 i 4500
001 000610610
003 AM-YeHGA
005 20250617135626.0
008 020227s1988 ru r 000 0 rus d
020 _a5852000876
040 _aAM-YeHGA
041 0 _arus
100 1 _aЗильберштейн, Илья Самойлович
245 1 0 _aХудожник-декабрист Николай Бестужев /
_cИ. С. Зильберштейн.
250 _a3-е изд., доп.
260 _aМосква :
_bИзобразит. искусство,
_c1988.
300 _a676 с. :
_bпортр., ил.
504 _aБиблиогр. в примеч.: с. 569-640
600 1 7 _aБестужев, Николай Александрович
653 0 _aДекабристы
653 0 _aРусская живопись - 19 в
090 _c205582
999 _c204087
_d204087